000 00381nam a22001337a 4500
008 250311b |||||||| |||| 00| 0 eng d
020 _a9783906390727
050 _aQD251.3
_b.G67
100 _aGossaur Albert
245 _aStructure and Reactivity of Biomolecules An Introduction into Organic Chemistry
260 _aSwitzreland
_bWiley-VCH
_c2018
300 _aXV,666P
942 _cBK
999 _c2222
_d2222